|
|
|
|
| LEADER |
00000nab a2200000 a 4500 |
| 001 |
vtls009142021 |
| 003 |
SK-MaSNL |
| 005 |
20260319071211.0 |
| 008 |
070920c2007 xo wr p 000 c0ukr |
| 015 |
|
|
|a SNBRB2007/09
|
| 038 |
|
|
|a SVKPOCL
|
| 040 |
|
|
|a SVKPO
|b slo
|c SVKPO
|e AACR2
|
| 041 |
0 |
|
|a ukr
|
| 044 |
|
|
|a xo
|c SK
|
| 080 |
|
|
|a 316.022.4(=161)(438):394.1/.2
|2 2001
|
| 080 |
|
|
|a 394.1/.2
|2 2001
|
| 080 |
|
|
|a 793.31:394.1/.2
|2 2001
|
| 080 |
|
|
|a 784.4:394.1/.2
|2 2001
|
| 100 |
1 |
|
|a Jackanin, Ivan,
|d 1950-
|4 aut
|4 pht
|9 103637
|
| 245 |
1 |
0 |
|a Teplo i svitlo "Lemkivs'koji vatry"
|b na "vatrjane pole" zavitav Prezydent Ukrajiny Viktor Juščenko
|c Ivan Jackanyn Foto avtora
|
| 300 |
|
|
|b Fotogr.
|
| 610 |
2 |
7 |
|a Lemkovská vatra
|n (25. :
|d 2007 :
|c Ždyňa, Poľsko)
|2 svkpocl
|9 1062313
|
| 650 |
0 |
7 |
|a Lemkovia
|z Poľsko
|2 svkpocl
|9 19724
|
| 650 |
0 |
7 |
|a folklórne festivaly
|2 svkpocl
|9 29324
|
| 650 |
0 |
7 |
|a festivaly
|2 svkpocl
|9 3406
|
| 651 |
|
7 |
|a Ždyňa (Poľsko)
|2 svkpocl
|9 1034693
|
| 773 |
0 |
|
|t Nove žyttja
|g Roč. 57, č. 31-32 (2007), s. 1 a 2
|
| 852 |
|
|
|a SVKPO
|b KIS3GCP
|
| 958 |
|
|
|a UK
|
| 958 |
|
|
|a SK
|
| 958 |
|
|
|a RN
|
| 958 |
|
|
|a PL
|
| 999 |
|
|
|c 1745817
|d 1747747
|